Statistics for Runrig

Click here to take the quiz!

General Stats

  • This quiz has been taken 18 times
  • The average score is 6 of 17

Answer Stats

Answer % Correct
Alba
85%
Loch Lomond
77%
Skye
77%
Hearts of Olden Glory
46%
Hearthammer
38%
Every River
38%
Stepping Down the Glory Road
31%
The Greatest Flame
31%
Protect and Survive
31%
Flower of the West
23%
An Ubhal As Airde
23%
Wonderful
15%
S├Čol Ghoraidh
15%
Rythm Of my Heart
8%
The Mighty Atlantic
8%
Rocket to the Moon
8%
Anhainn an t-Sluaigh
0%

Score Distribution

Percentile by Number Answered

Percent of People with Each Score

Your Score History

You have not taken this quiz